000 02764cam a2200361 i 4500
001 10446464
003 CaAEU
005 20260511174551.0
008 220815s2023 mau b 001 0 eng
010 _a 2022034376
015 _aGBC2M3556
_2bnb
020 _a9781647820558
_qhardcover
035 _aon1261362961
040 _aMH/DLC
_beng
_erda
_cDLC
_dOCLCF
_dVIA
_dJQM
_dJQW
_dYDX
_dUKMGB
_dJCX
_dYUS
_dFHP
_dCQC
_dOCLCO
_dBECOE
_dOCLCL
_dARDC
041 _aeng
042 _apcc
050 0 0 _aCB478
_b.C4936 2023
100 _aChamorro-Premuzic, Tomas,
_eauthor.
_911091
245 1 0 _aI, human
_b: AI, automation, and the quest to reclaim what makes us unique
_c/ Tomas Chamorro-Premuzic.
246 3 _aI, human
_b: artificial intelligence, automation, and the quest to reclaim what makes us unique
264 1 _aBoston, Massachusetts :
_bHarvard Business Review Press,
_c[2023]
300 _a188 pages ;
_c25 cm
504 _aIncludes bibliographical references (pages 159-173) and index.
505 0 _aBeing in the AI age — Weapons of Mass Distraction — The End of Patience — Taming Bias — Digital Narcissism — The Rise of Predictable Machines — Automating Curiosity — How to Be Human.
520 _a"It's no secret that AI is changing the way we live, work, love, and entertain ourselves. Dating apps are using AI to pick our potential partners. Retailers are using AI to predict our behavior and desires. Rogue actors are using AI to persuade us with Twitter bots and fake news. Companies are using AI to hire us-or not. This is just the beginning. As AI becomes smarter and more humanlike, our societies, our economies, and our humanity will undergo the most dramatic changes we've seen since the Agricultural Revolution. Some of these changes will enhance our species. Others may dehumanize us and make us more machinelike in our interactions with others. It's up to us to adapt and determine how we want to live and work. Are you ready? In I, Human psychologist Tomas Chamorro-Premuzic offers a guide for reclaiming ourselves in a world in which most of our decisions will be made for us. To do so, we'll need to double down on what makes us so special-our curiosity, adaptability, and emotional intelligence-while relying on the lost virtues of empathy, humility, and self-control. Filled with big-think fascinations and practical wisdom, I, Human is the book we need to thrive in the future"--
_cProvided by publisher.
650 0 _aTechnology and civilization
_910848
650 0 _aInformation technology
_xSocial aspects
_97710
650 0 _aArtificial Intelligence
_914147
650 0 _aHuman beings
_xEffect of technological innovations on.
650 0 _aHumanity.
_925428
650 0 _aEmotional intelligence
_95274
942 _2lcc
999 _c4736
_d4736